Национальная идентичность в северокавказском обществе: поиски путей укрепления (Запись № 10779865)
[ простой вид ]
| 000 -МАРКЕР | |
|---|---|
| контрольное поле | 02096nam0a2200373 i 4500 |
| 001 - ИДЕНТИФИКАТОР ЗАПИСИ | |
| контрольное поле | RU\NLR\BIBL_A\010951221 |
| 005 - ИДЕНТИФИКАТОР ВЕРСИИ | |
| контрольное поле | 20260407101959.0 |
| 010 ## - МЕЖДУНАРОДНЫЙ СТАНДАРТНЫЙ НОМЕР КНИГИ (ISBN) | |
| Номер (ISBN) | 9785851082818 |
| Тираж | 100 |
| 021 ## - НОМЕР ГОСУДАРСТВЕННОЙ РЕГИСТРАЦИИ | |
| Код страны | Российская Федерация |
| Номер | 2015-98528 |
| Номер Листа государственной регистраци | 6130 |
| 035 ## - ДРУГИЕ СИСТЕМНЫЕ НОМЕРА | |
| Идентификатор записи | (NILC)RuMoRGB-008101561 |
| 035 ## - ДРУГИЕ СИСТЕМНЫЕ НОМЕРА | |
| Идентификатор записи | (NLR Aleph) 010951221 |
| 100 ## - ДАННЫЕ ОБЩЕЙ ОБРАБОТКИ | |
| Данные общей обработки | 20160114d2015 km y0rusy50 ca |
| 101 0# - ЯЗЫК РЕСУРСА | |
| Язык текста, звукозаписи и т.д. | русский |
| 102 ## - СТРАНА ПУБЛИКАЦИИ ИЛИ ПРОИЗВОДСТВА | |
| Страна публикации | Российская Федерация |
| 105 ## - ПОЛЕ КОДИРОВАННЫХ ДАННЫХ: ТЕКСТОВЫЕ МАТЕРИАЛЫ, МОНОГРАФИЧЕСКИЕ | |
| Кодированные данные о монографическом текстовом документе | a|||z|||000yy |
| 200 1# - ЗАГЛАВИЕ И СВЕДЕНИЯ ОБ ОТВЕТСТВЕННОСТИ | |
| Основное заглавие | Национальная идентичность в северокавказском обществе: поиски путей укрепления |
| Сведения, относящиеся к заглавию | [коллективная монография |
| Первые сведения об ответственности | О. Н. Астафьева, З. А. Жаде, О. Н. Дамениа и др.] |
| Последующие сведения об ответственности | под общ. ред. А. Ю. Шадже, Е. С. Куквы |
| -- | М-во образования и науки Российской Федерации, Адыгейский гос. ун-т, Российское философское о-во |
| 210 ## - ПУБЛИКАЦИЯ, РАСПРОСТРАНЕНИЕ И ДР. | |
| Место издания, распространения и т.д. | Москва |
| -- | Майкоп |
| Имя издателя, распространителя и т. д. | АГУ |
| Дата издания, распространения и т.д. | 2015 |
| 215 ## - ФИЗИЧЕСКАЯ ХАРАКТЕРИСТИКА | |
| Специфическое обозначение материала и объем | 191 с. |
| Другие сведения о физической характеристике | ил. |
| Размеры | 21 |
| 300 ## - ОБЩИЕ ПРИМЕЧАНИЯ | |
| Текст примечания | Авт. указаны в содерж. |
| 320 ## - ПРИМЕЧАНИЯ О НАЛИЧИИ В ДОКУМЕНТЕ БИБЛИОГРАФИИ / УКАЗАТЕЛЯ | |
| Текст примечания | Библиогр. в подстроч. примеч. |
| 606 1# - НАИМЕНОВАНИЕ ТЕМЫ КАК ПРЕДМЕТ | |
| Наименование темы | Национальная идентичность |
| Географический подзаголовок | Кавказ Северный |
| Системный номер авторитетной/нормативной записи | 2272036 |
| Идентификатор авторитетной/нормативной записи | RU\NLR\AUTH\6601590659 |
| 675 ## - УНИВЕРСАЛЬНАЯ ДЕСЯТИЧНАЯ КЛАССИФИКАЦИЯ (UDC/УДК) | |
| Индекс | 316 |
| 686 1# - ИНДЕКСЫ ДРУГИХ КЛАССИФИКАЦИЙ | |
| Индекс | Т3(2Р37)0-7 |
| 701 #1 - ИМЯ ЛИЦА - АЛЬТЕРНАТИВНАЯ ОТВЕТСТВЕННОСТЬ | |
| Материалы, к которым относится поле | rus |
| Графика поля | Кириллица |
| Начальный элемент ввода | Астафьева |
| Часть имени, кроме начального элемента ввода | О. Н. |
| Дополнения к именам, кроме дат | д-р филос. наук |
| Расширение инициалов личного имени | Ольга Николаевна |
| Идентификатор авторитетной/нормативной записи | RU\NLR\AUTH\77118704 |
| Системный номер авторитетной/нормативной записи | 101629 |
| 701 #1 - ИМЯ ЛИЦА - АЛЬТЕРНАТИВНАЯ ОТВЕТСТВЕННОСТЬ | |
| Материалы, к которым относится поле | rus |
| Графика поля | Кириллица |
| Начальный элемент ввода | Жаде |
| Часть имени, кроме начального элемента ввода | З. А. |
| Даты | 1967- |
| Расширение инициалов личного имени | Зуриет Анзауровна |
| Идентификатор авторитетной/нормативной записи | RU\NLR\AUTH\7770752 |
| Системный номер авторитетной/нормативной записи | 53680 |
| 701 #1 - ИМЯ ЛИЦА - АЛЬТЕРНАТИВНАЯ ОТВЕТСТВЕННОСТЬ | |
| Материалы, к которым относится поле | rus |
| Графика поля | Кириллица |
| Начальный элемент ввода | Дамениа |
| Часть имени, кроме начального элемента ввода | О. Н. |
| Даты | 1937- |
| Расширение инициалов личного имени | Олег Несторович |
| Идентификатор авторитетной/нормативной записи | RU\NLR\AUTH\77106432 |
| Системный номер авторитетной/нормативной записи | 89357 |
| 702 #1 - ИМЯ ЛИЦА - ВТОРИЧНАЯ ОТВЕТСТВЕННОСТЬ | |
| Начальный элемент ввода | Шадже |
| Часть имени, кроме начального элемента ввода | А. Ю. |
| Даты | 1952- |
| Расширение инициалов личного имени | Асиет Юсуфовна |
| Код отношения | Редактор |
| 712 02 - НАИМЕНОВАНИЕ ОРГАНИЗАЦИИ - ВТОРИЧНАЯ ОТВЕТСТВЕННОСТЬ | |
| Код отношения | Прочие |
| Начальный элемент ввода | Адыгейский государственный университет |
| Идентифицирующий признак | Майкоп |
| Идентификатор авторитетной/нормативной записи | RU\NLR\AUTH\889929825 |
| Системный номер авторитетной/нормативной записи | 355230 |
| 801 #0 - ИСТОЧНИК ЗАПИСИ | |
| Страна | Российская Федерация |
| Организация | РГБ |
| Дата составления | 20151222 |
| Правила каталогизации | RCR |
| 942 ## - ДОПОЛНИТЕЛЬНЫЕ ЭЛЕМЕНТЫ ЗАПИСИ (АБИС) | |
| Тип экземпляра АБИС | Книга |
| 980 ## - КОЛЛЕКЦИЯ | |
| Название коллекции | НБР |
Нет доступных экземпляров.